000 00532nam a2200181Ii 4500
003 JO-AjNU
008 230606s9999||||xx |||||||||||||| ||und||
040 _aJO-AjNU
_beng
_erda
_cJO-AjNU
041 _aeng
050 1 4 _aLA1491 2016
245 0 0 _aTuning Middle East and North Africa
264 3 1 _aBibao: University of Deusto, 2016
300 _a51P
336 _atext
_btxt
_2rdacontent
337 _aunmediated
_bn
_2rdamedia
338 _avolume
_bnc
_2rdacarrier
650 4 _aEducation-Workshops-Middle East North Africa
_95775
999 _aE2994
_c2992
_d2992